Odhaľovanie čiernej práce na Slovensku
Nelegálna práca a nelegálne zamestnávanie predstavujú v rámci pracovnoprávnych vzťahov vážny problém, a to nielen v podmienkach Slovenskej republiky. Výkon čiernej práce má negatívny vplyv na osoby participujúce na výkone čiernej práce, ale taktiež má neblahý dopad aj na celú spoločnosť. Vzhľadom na...
Guardado en:
| Autor principal: | |
|---|---|
| Formato: | Capítulo de libro |
| Lenguaje: | eslovaco |
| Materias: | |
| Etiquetas: |
Sin Etiquetas, Sea el primero en etiquetar este registro!
|
MARC
| LEADER | 00000nla a2200000 4500 | ||
|---|---|---|---|
| 001 | 0246768 | ||
| 005 | 20240417075142.7 | ||
| 041 | 0 | |a slo | |
| 044 | |a CZ | ||
| 245 | 1 | 0 | |a Odhaľovanie čiernej práce na Slovensku |c Silvia Treľová |
| 520 | |a Nelegálna práca a nelegálne zamestnávanie predstavujú v rámci pracovnoprávnych vzťahov vážny problém, a to nielen v podmienkach Slovenskej republiky. Výkon čiernej práce má negatívny vplyv na osoby participujúce na výkone čiernej práce, ale taktiež má neblahý dopad aj na celú spoločnosť. Vzhľadom na priebežné zisťovanie výkonu nelegálnej práce a nelegálneho zamestnávania z hľadiska aplikačnej praxe v Slovenskej republike sú kompetentné orgány nútené zintenzívňovať vyhľadávanie a potieranie výkonu nelegálnej práce. Jej pomerne vysoký výskyt by mohli zmierniť nielen legislatívne opatrenia, ale aj účinné zásahy v podobe kontrol a uložených sankcií zo strany inšpektorátov práce. | ||
| 610 | 2 | 0 | |a práca nelegálna |
| 610 | 2 | 0 | |a Slovensko |
| 610 | 2 | 0 | |a cudzinci |
| 610 | 2 | 0 | |a činnosť trestná |
| 610 | 2 | 0 | |a úpravy právne |
| 610 | 2 | 0 | |a zamestnávatelia |
| 610 | 2 | 0 | |a sankcie |
| 100 | 1 | |a Treľová, Silvia | |